LDR 01488nam a2200289 4500 001 000000367339 003 CaOOAMICUS 005 20260423114701.0 008 260420s2008 it a 000 u ita r 040 $aSeMil$bita 100 1 $aPanzeri, Anna.$0(OLS)http://semarc/name/124185 245 10$aCorso di storia locale :$banno 2008 : Canonica d'Adda, Vaprio d'Adda, Fara Gera d'Adda, Pontirolo Nuovo /$ctesti : Anna Panzeri ; supervisione : Vincenzo Mistrini ; fotografia : Giancarlo Lecchi. 264 1$a[S.l. :$bs.n.]$e(Terno d'Isola :$fTipografia dell'Isola ,$gStampa 2008) 300 $a307 p. :$bill. ;$c24 cm 500 $aIn cop.: Gruppo arti e tradizioni canonichesi 650 4$aCanonica d'Adda.$0(OLS)http://semarc/subject/60068 650 4$aVaprio d'Adda.$0(OLS)http://semarc/subject/60069 650 4$aFara Gera d'Adda.$0(OLS)http://semarc/subject/60070 650 4$aPontirolo Nuovo.$0(OLS)http://semarc/subject/37454 700 1 $aMistrini, Vincenzo.$0(OLS)http://semarc/name/124186 700 1 $aLecchi, Giancarlo.$0(OLS)http://semarc/name/124187 850 $aSeMil 852 $aSeMil$W1$xVenegono$y1$m3P III 615$j270779$B258053$CSeMilBibl$Z2$F258053 $81 961 $aCaspani Maurizio - Lascito 996 $6245$aCorso di storia locale :$banno 2008 : Canonica d'Adda, Vaprio d'Adda, Fara Gera d'Adda, Pontirolo Nuovo$9(OLS)http://semarc/title/459249 996 $6264$a[S.l. :$bs.n.]$9(OLS)http://semarc/publisher/29751